Statistiques concernant Record d'élo échec par joueur

Cliquez ici pour prendre le quiz!

Statistiques générales

  • Ce quiz a été pris 21 fois
  • Le résultat moyen est 7 sur 15

Statistiques - réponses

HintRéponse% Correct
2889Magnus Carlsen
100%
2856Garry Kasparov
90%
2851Fabiano Caruana
60%
2804Alireza Firouzja
55%
2819Maxime Vachier-Lagrave
55%
2816Ding Liren
50%
2835Levon Aronian
45%
2824Wesley So
45%
2820Viswanathan Anand
40%
2817Vladimir Kramnik
40%
2826Shakhriyar Mamedyarov
35%
2826Veselin Topalov
35%
2802Anish Giri
25%
2813Alexander Grischuk
20%
2819Hikaru Nakaruma
10%

Distribution des résultats

Percentile par nombre de réponses

% des personnes avec chaque résultat

Votre développement - résultats

Vous n’avez pas pris ce quiz